000 01050nam a2200289 4500
003 EC-UNACH
005 20240325161935.0
006 s||||gr|||| 00| 00
008 150116t9999 mx r gr 000 0 spa d
020 _a84-270-0043-X
040 _aEC-UNACH
_cEC-UNACH
041 _aspa
082 0 4 _223
_a335.4
_bL016053
100 _aTrias
245 _aEstructuralismo y marxismo
_cTrias
250 _aPrimera edición
264 _aBarcelona España
_bEdiciones Martínez Roca S.A.
_c1973
300 _a285 páginas
_c20 centimetros
505 _aEl método de los ciencias de estructuras.-- Estructuralismo y lingüística.-- Estructuralismo e historia.-- Estructuralismo y antropología económica.-- Estructuralismo y muerte del hombre.-- Apertura e indeterminación.-- La noción de estructura en la obra
650 _aHumanismo
650 _aEstructura mental
650 _aNovela policial
942 _2ddc
_c1
999 _c12409